000 00338nam a22001457a 4500
008 221011b ||||| |||| 00| 0 eng d
020 _a9780534557003
041 _aeng
080 _a610.73
082 _a610.73
100 _a9
101 _aINF
245 _aCODES OF ETHICS FOR THE HELPING PROFESSIONS
_cMARTINEZ J
942 _2udc
_cBK
999 _c58499
_d58499